[Event "Cto Aragón Equipos Div Honor Gr I"]
[Site "Aragon"]
[Date "2014.01.25"]
[Round "1.1"]
[White "Colas Longares, Rafael P"]
[Black "Cifuentes Parada, Roberto"]
[Result "0-1"]
[WhiteElo "2289"]
[BlackElo "2458"]
[PlyCount "104"]
[EventDate "2014.??.??"]
[EventCountry "ESP"]
[WhiteTeam "Caissa-Hnos Cortes"]
[BlackTeam "Jaque"]

1. e4 c5 2. Nc3 e6 3. f4 d5 4. Nf3 dxe4 5. Nxe4 Nc6 6. Bb5 Bd7 7. Qe2 Nh6 8. b3
Nf5 9. Bb2 Be7 10. O-O O-O 11. Bxc6 Bxc6 12. d3 Qb6 13. Kh1 Rfd8 14. Ne5 Be8
15. Qg4 Qc7 16. Rf3 f6 17. Nc4 Bg6 18. a4 Qd7 19. Ng3 Bf8 20. Re1 Re8 21. Nxf5
exf5 22. Qg3 Rxe1+ 23. Qxe1 Bf7 24. Ne3 Re8 25. Qh4 c4 26. Rh3 Bg6 27. bxc4
Qxa4 28. Bd4 Bc5 29. Bxc5 Qa1+ 30. Nd1 Qxd1+ 31. Bg1 Re2 32. Qg3 a5 33. Qf3 a4
34. d4 h6 35. Rg3 Bf7 36. d5 Qxc2 37. Qd3 Rxg2 38. c5 Rxg1+ 39. Kxg1 Qxc5+ 40.
Kg2 Bxd5+ 41. Kh3 Qc6 42. Qa3 Qe8 43. Rd3 Qh5+ 44. Kg3 Qg4+ 45. Kf2 Qxf4+ 46.
Kg1 Qg4+ 47. Kf2 Qg2+ 48. Ke3 f4+ 49. Kd4 Qe4+ 50. Kc3 f3 51. Qc5 Bc6 52. Rd8+
Kh7 0-1

[Event "Cto Aragón Equipos Div Honor Gr I"]
[Site "Aragon"]
[Date "2014.01.25"]
[Round "1.2"]
[White "Accattato Martin, Mario"]
[Black "Garcia Vicente, Nieves"]
[Result "1/2-1/2"]
[WhiteElo "2232"]
[BlackElo "2239"]
[PlyCount "71"]
[EventDate "2014.??.??"]
[EventCountry "ESP"]
[WhiteTeam "Jaque"]
[BlackTeam "Caissa-Hnos Cortes"]

1. e4 e5 2. Nf3 Nc6 3. d4 exd4 4. Nxd4 Nf6 5. Nc3 Bb4 6. Nxc6 bxc6 7. Bd3 d5 8.
exd5 cxd5 9. O-O O-O 10. h3 c6 11. Qf3 Be6 12. Ne2 Re8 13. Bf4 Bd6 14. Rfe1 Rb8
15. b3 Qc7 16. Rad1 Bxf4 17. Qxf4 Qa5 18. Nd4 Bd7 19. Rxe8+ Rxe8 20. Qd2 Qb6
21. Nf3 c5 22. Re1 Be6 23. Ng5 Rc8 24. c4 dxc4 25. Rxe6 fxe6 26. Bxc4 Re8 27.
f4 g6 28. Qe3 Qd6 29. Qe5 Qxe5 30. fxe5 Nd5 31. Nxe6 Nb6 32. Nc7+ Nxc4 33. Nxe8
Nxe5 34. Nf6+ Kg7 35. Ne4 c4 36. bxc4 1/2-1/2

[Event "Cto Aragón Equipos Div Honor Gr I"]
[Site "Aragon"]
[Date "2014.01.25"]
[Round "1.3"]
[White "Gil Capape, Marco Antonio"]
[Black "Gonzalez Gambau, Jorge"]
[Result "0-1"]
[WhiteElo "2061"]
[BlackElo "2123"]
[PlyCount "88"]
[EventDate "2014.??.??"]
[EventCountry "ESP"]
[WhiteTeam "Caissa-Hnos Cortes"]
[BlackTeam "Jaque"]

1. d4 d5 2. c4 c6 3. Nf3 Nf6 4. Nc3 g6 5. e3 Bg7 6. Bd3 O-O 7. O-O dxc4 8. Bxc4
Bg4 9. h3 Bxf3 10. Qxf3 Nbd7 11. Rd1 e5 12. Bd2 exd4 13. exd4 Nb6 14. Bb3 Nbd5
15. Rac1 Re8 16. Bg5 h6 17. Bxf6 Nxf6 18. d5 cxd5 19. Nxd5 Nxd5 20. Bxd5 Qe7
21. Bxb7 Rab8 22. Bc6 Bxb2 23. Rd7 Bxc1 24. Rxe7 Rxe7 25. Bd5 Bb2 26. g3 Bg7
27. Bb3 Rd8 28. Qg4 Kh7 29. Qb4 Red7 30. Kf1 Rd2 31. Bxf7 Rb2 32. Qe4 Rd6 33.
Qa8 h5 34. g4 Rf6 35. Qg8+ Kh6 36. g5+ Kxg5 37. Qxg7 Rbxf2+ 38. Ke1 Rxf7 39.
Qd4 Rf1+ 40. Ke2 R1f2+ 41. Ke1 R2f4 42. Qe5+ Kh4 43. Qe3 Rf1+ 44. Ke2 R7f2+ 0-1

[Event "Cto Aragón Equipos Div Honor Gr I"]
[Site "Aragon"]
[Date "2014.01.25"]
[Round "1.4"]
[White "Mancho Fondevila, Jorge"]
[Black "Carraminana Lopez, Luis Antoni"]
[Result "1/2-1/2"]
[WhiteElo "1846"]
[BlackElo "2009"]
[PlyCount "42"]
[EventDate "2014.??.??"]
[EventCountry "ESP"]
[WhiteTeam "Jaque"]
[BlackTeam "Caissa-Hnos Cortes"]

1. d4 d5 2. Nf3 Nf6 3. e3 c6 4. c4 a6 5. Bd3 Bg4 6. Nbd2 e6 7. O-O Nbd7 8. Qc2
Bd6 9. h3 Bh5 10. e4 dxe4 11. Nxe4 Nxe4 12. Bxe4 Nf6 13. Bg5 Be7 14. Rad1 Nxe4
15. Bxe7 Qxe7 16. Qxe4 Bxf3 17. Qxf3 O-O 18. d5 cxd5 19. cxd5 exd5 20. Rxd5
Rad8 21. Rfd1 Rxd5 1/2-1/2

[Event "Cto Aragón Equipos Div Honor Gr I"]
[Site "Aragon"]
[Date "2014.01.25"]
[Round "1.5"]
[White "Forcen Esteban, Daniel"]
[Black "Moreno Gracia, Daniel"]
[Result "1-0"]
[WhiteElo "2501"]
[BlackElo "2345"]
[PlyCount "67"]
[EventDate "2014.??.??"]
[EventCountry "ESP"]
[WhiteTeam "Jaime Casas"]
[BlackTeam "St. Casablanca B"]

1. d4 e6 2. Nf3 Nf6 3. e3 c5 4. Bd3 b6 5. O-O Bb7 6. c4 Be7 7. Nc3 cxd4 8. exd4
d5 9. cxd5 Nxd5 10. Ne5 O-O 11. Qg4 Nxc3 12. bxc3 Nd7 13. Qh3 g6 14. Bh6 Re8
15. Bb5 Nxe5 16. dxe5 Qc7 17. Bxe8 Rxe8 18. Qg3 Rc8 19. Rfd1 Bd5 20. h4 b5 21.
h5 Qa5 22. Rd3 Rc4 23. Bg5 Bf8 24. hxg6 fxg6 25. Re1 Qa4 26. Rxd5 exd5 27. Qd3
d4 28. Qe4 Rc7 29. Qd5+ Rf7 30. e6 Rf5 31. Qd8 Qxa2 32. f3 d3 33. e7 d2 34.
Bxd2 1-0

[Event "Cto Aragón Equipos Div Honor Gr I"]
[Site "Aragon"]
[Date "2014.01.25"]
[Round "1.6"]
[White "Villuendas Valero, Adrian"]
[Black "Garza Marco, Sergio"]
[Result "1-0"]
[WhiteElo "2276"]
[BlackElo "2447"]
[PlyCount "99"]
[EventDate "2014.??.??"]
[EventCountry "ESP"]
[WhiteTeam "St. Casablanca B"]
[BlackTeam "Jaime Casas"]

1. Nf3 f5 2. c4 Nf6 3. g3 g6 4. Bg2 Bg7 5. O-O O-O 6. Nc3 d6 7. d3 Nc6 8. Rb1
a5 9. a3 Nh5 10. e3 e5 11. Ne1 Be6 12. Nd5 Nb8 13. b4 c6 14. Nc3 axb4 15. axb4
Nd7 16. Bb2 e4 17. dxe4 fxe4 18. Nxe4 Bxc4 19. Bxg7 Nxg7 20. Nxd6 Bxf1 21. Bxf1
Qf6 22. f4 Nf5 23. Nxf5 Qxf5 24. Qb3+ Kh8 25. Bd3 Qf6 26. Nf3 Ra1 27. e4 Rxb1+
28. Bxb1 Qa1 29. Kg2 Nb6 30. Ne5 Qd4 31. Nf7+ Kg7 32. Ng5 Qd2+ 33. Kh3 Qd7+ 34.
f5 gxf5 35. Ne6+ Kg8 36. Nxf8+ Kxf8 37. exf5 Nd5 38. Qb2 Qg7 39. Qd2 h5 40. Kg2
Ke7 41. Be4 Kd6 42. Bxd5 cxd5 43. Qf4+ Kc6 44. f6 Qf7 45. Qe5 Kb5 46. Qe7 Qg6
47. Qd7+ Kc4 48. f7 Qe4+ 49. Kh3 Qf3 50. Qc8+ 1-0

[Event "Cto Aragón Equipos Div Honor Gr I"]
[Site "Aragon"]
[Date "2014.01.25"]
[Round "1.7"]
[White "Antoli Royo, Joaquin Miguel"]
[Black "Gomez Anadon, Daniel"]
[Result "1-0"]
[WhiteElo "2418"]
[BlackElo "2244"]
[PlyCount "59"]
[EventDate "2014.??.??"]
[EventCountry "ESP"]
[WhiteTeam "Jaime Casas"]
[BlackTeam "St. Casablanca B"]

1. Nf3 d5 2. d4 Nf6 3. c4 e6 4. Nc3 c6 5. e3 Nbd7 6. Bd3 dxc4 7. Bxc4 b5 8. Be2
b4 9. Nb1 c5 10. Nbd2 Bb7 11. O-O Be7 12. Nc4 O-O 13. Nce5 Nb6 14. Bd3 Rc8 15.
Qe2 Ne4 16. Rd1 Qc7 17. Nd2 Nf6 18. Ndf3 Ne4 19. Qc2 f5 20. Bd2 cxd4 21. Qxc7
Rxc7 22. Nxd4 Bd5 23. Be1 Na4 24. Rdb1 Rd8 25. Bb5 Nb6 26. Nec6 Rdc8 27. Nxe7+
Rxe7 28. Bxb4 Rec7 29. Ba6 Rd8 30. b3 1-0

[Event "Cto Aragón Equipos Div Honor Gr I"]
[Site "Aragon"]
[Date "2014.01.25"]
[Round "1.8"]
[White "Gimenez Martinez, Alberto"]
[Black "Ramiro Ovejero, Juan Luis"]
[Result "0-1"]
[WhiteElo "2180"]
[BlackElo "2390"]
[PlyCount "104"]
[EventDate "2014.??.??"]
[EventCountry "ESP"]
[WhiteTeam "St. Casablanca B"]
[BlackTeam "Jaime Casas"]

1. e4 c5 2. Nf3 Nc6 3. d4 cxd4 4. Nxd4 e6 5. Nc3 Qc7 6. Be3 a6 7. Qd2 Nf6 8. f3
Be7 9. O-O-O b5 10. Kb1 Nxd4 11. Bxd4 Bb7 12. Qg5 Rc8 13. e5 Nh5 14. Qxh5 b4
15. Bd3 bxc3 16. Bxc3 Rb8 17. Ka1 Bd5 18. Qg4 O-O 19. Qa4 a5 20. Be4 Bb4 21.
Bxd5 Bxc3 22. Bb3 Bxe5 23. Rxd7 Qc5 24. a3 Bf6 25. f4 h5 26. Rhd1 Rfc8 27. R1d2
Rb6 28. Ka2 Rcb8 29. g3 Qg1 30. Qxa5 Qc1 31. c3 g6 32. Rd1 Qe3 33. R7d3 Qe4 34.
Rd8+ Bxd8 35. Rxd8+ Rxd8 36. Qxb6 Rd2 37. a4 Qe2 38. Qb8+ Kh7 39. Qf8 Rd7 40.
Ka3 Qxh2 41. f5 gxf5 42. Qe8 Rc7 43. a5 Qxg3 44. Qd8 Qe5 45. Ka4 f4 46. Bc2+ f5
47. Qe8 Kg7 48. Qxh5 Rc4+ 49. b4 Qxc3 50. Qg5+ Kf7 51. Qh5+ Ke7 52. Qh4+ Kd7
0-1

[Event "Cto Aragón Equipos Div Honor Gr I"]
[Site "Aragon"]
[Date "2014.01.25"]
[Round "1.9"]
[White "Hefty, Jorge W"]
[Black "Garcia Fernandez, Javier"]
[Result "0-1"]
[WhiteElo "2342"]
[BlackElo "2174"]
[PlyCount "72"]
[EventDate "2014.??.??"]
[EventCountry "ESP"]
[WhiteTeam "IberCaja"]
[BlackTeam "Teruel"]

1. c4 Nf6 2. Nc3 e6 3. d4 d5 4. Bg5 c6 5. e3 Nbd7 6. cxd5 exd5 7. Bd3 Be7 8.
Nf3 O-O 9. Qc2 h6 10. Bh4 Re8 11. Bg3 Nh5 12. O-O-O Nxg3 13. hxg3 Nf6 14. Kb1
Bb4 15. Ne2 Ne4 16. Nf4 Bg4 17. Rh4 Qd7 18. Rh2 Ng5 19. Nxg5 Bxd1 20. Qxd1 c5
21. Nf3 c4 22. Bc2 a5 23. Rh5 g5 24. Nxg5 hxg5 25. Rxg5+ Kf8 26. Qh5 Ke7 27.
Qh4 Qc8 28. Rxd5+ Kf8 29. Qh6+ Ke7 30. Qd6+ Bxd6 31. Ne2 Qc6 32. Be4 Kf8 33.
Bf3 Bb4 34. Nf4 Qa4 35. Rf5 c3 36. Bd5 Qd1# 0-1

[Event "Cto Aragón Equipos Div Honor Gr I"]
[Site "Aragon"]
[Date "2014.01.25"]
[Round "1.10"]
[White "Dominguez Bujeda, Jesus"]
[Black "Baron Rodriguez, Jorge"]
[Result "1/2-1/2"]
[WhiteElo "2171"]
[BlackElo "2276"]
[PlyCount "65"]
[EventDate "2014.??.??"]
[EventCountry "ESP"]
[WhiteTeam "Teruel"]
[BlackTeam "IberCaja"]

1. d4 Nf6 2. c4 g6 3. Nc3 Bg7 4. e4 d6 5. f3 O-O 6. Bg5 c5 7. d5 e6 8. Qd2 exd5
9. cxd5 a6 10. a4 Nbd7 11. Nh3 Rb8 12. Be2 c4 13. Nf2 b5 14. O-O Nc5 15. Bd1
Bd7 16. axb5 axb5 17. Ne2 Qc7 18. Rc1 Ra8 19. b4 cxb3 20. Bxb3 Qb7 21. Qb4 Rfe8
22. Nc3 Qb6 23. Be3 Qa5 24. Bxc5 dxc5 25. Qxc5 Qa3 26. Qxa3 Rxa3 27. Rb1 Nh5
28. Ne2 Bh6 29. Rfd1 Be3 30. Nd4 Raa8 31. Rd3 Bh6 32. g3 f5 33. Ne6 1/2-1/2

[Event "Cto Aragón Equipos Div Honor Gr I"]
[Site "Aragon"]
[Date "2014.01.25"]
[Round "1.11"]
[White "Martinez Cebolla, Alberto"]
[Black "Martin Catalan, Juan Vicente"]
[Result "1/2-1/2"]
[WhiteElo "2054"]
[BlackElo "2102"]
[PlyCount "66"]
[EventDate "2014.??.??"]
[EventCountry "ESP"]
[WhiteTeam "IberCaja"]
[BlackTeam "Teruel"]

1. e4 c5 2. Nf3 g6 3. c3 Bg7 4. d4 cxd4 5. cxd4 d5 6. e5 Nc6 7. h3 h5 8. Nc3
Nh6 9. Be2 Nf5 10. O-O Bh6 11. Bxh6 Rxh6 12. Qd2 Rh8 13. Rfd1 a6 14. Rac1 e6
15. Na4 Nfe7 16. Nc5 b6 17. Nd3 a5 18. Rc3 Ba6 19. Rdc1 Rc8 20. b3 Bb5 21. a3
Rf8 22. Nf4 Bxe2 23. Qxe2 Qd7 24. Qb5 Qb7 25. Nd3 Kd8 26. Nc5 Qb8 27. Na4 Na7
28. Qxb6+ Qxb6 29. Nxb6 Rxc3 30. Rxc3 Nec6 31. Na4 Kc7 32. b4 axb4 33. axb4 Nb5
1/2-1/2

[Event "Cto Aragón Equipos Div Honor Gr I"]
[Site "Aragon"]
[Date "2014.01.25"]
[Round "1.12"]
[White "Abancens Fernandez, Bernardo"]
[Black "Sanchez Castro, Roberto"]
[Result "1-0"]
[WhiteElo "1941"]
[BlackElo "2012"]
[PlyCount "67"]
[EventDate "2014.??.??"]
[EventCountry "ESP"]
[WhiteTeam "Teruel"]
[BlackTeam "IberCaja"]

1. d4 Nf6 2. c4 d6 3. Nc3 g6 4. e4 Bg7 5. f3 O-O 6. Bg5 Nbd7 7. Nh3 e5 8. d5 h6
9. Be3 Kh7 10. Qd2 Ng8 11. g4 f5 12. gxf5 gxf5 13. exf5 e4 14. fxe4 b5 15. Nxb5
a6 16. Nd4 Qh4+ 17. Nf2 Nc5 18. Nf3 Qe7 19. Bd3 Nxd3+ 20. Qxd3 Bxb2 21. Rb1 Be5
22. Nxe5 dxe5 23. Bc1 Rf7 24. Qh3 Rg7 25. Ng4 Rg5 26. Bxg5 Qxg5 27. Qg3 Bxf5
28. exf5 Qxf5 29. Kd2 h5 30. Nf2 Rf8 31. Qd3 Nh6 32. Rb7 Rf7 33. d6 Qxd3+ 34.
Nxd3 1-0

[Event "Cto Aragón Equipos Div Honor Gr I"]
[Site "Aragon"]
[Date "2014.01.25"]
[Round "1.13"]
[White "Guetas Sanchez, Hugo"]
[Black "Galve Guinea, Alejandro"]
[Result "1-0"]
[WhiteElo "2154"]
[BlackElo "2037"]
[PlyCount "35"]
[EventDate "2014.??.??"]
[EventCountry "ESP"]
[WhiteTeam "L´Aurora Estadilla"]
[BlackTeam "El Olivar B"]

1. d4 d5 2. Nf3 Nf6 3. c4 c6 4. Nc3 dxc4 5. e4 b5 6. Bg5 b4 7. Bxf6 exf6 8. Nb1
Be6 9. Qc1 c3 10. bxc3 bxc3 11. Be2 Qa5 12. O-O Bb4 13. Qc2 O-O 14. Rd1 Na6 15.
a3 Be7 16. Qxc3 Qa4 17. d5 cxd5 18. Rd4 1-0

[Event "Cto Aragón Equipos Div Honor Gr I"]
[Site "Aragon"]
[Date "2014.01.25"]
[Round "1.14"]
[White "Sarto Ramos, Angel"]
[Black "Solano Lasierra, Javier"]
[Result "1/2-1/2"]
[WhiteElo "1963"]
[BlackElo "2181"]
[PlyCount "86"]
[EventDate "2014.??.??"]
[EventCountry "ESP"]
[WhiteTeam "El Olivar B"]
[BlackTeam "L´Aurora Estadilla"]

1. d4 c5 2. e3 Nf6 3. Nf3 g6 4. Bd3 Bg7 5. O-O O-O 6. Nbd2 b6 7. Qe2 Bb7 8. a4
Nc6 9. c3 d6 10. dxc5 bxc5 11. e4 Nd7 12. Nc4 Nb6 13. Bf4 Ba6 14. Rfd1 Bxc4 15.
Bxc4 Nxc4 16. Qxc4 Qb6 17. Ra2 Rad8 18. Qb5 Rfe8 19. Kf1 Rb8 20. Qc4 Na5 21.
Qd5 Rbd8 22. b4 cxb4 23. cxb4 Qxb4 24. Nd2 e6 25. Qb5 Bc3 26. Rb1 Qxb5+ 27.
Rxb5 Rc8 28. Bxd6 a6 29. Rb1 e5 30. Bb4 Bxb4 31. Rxb4 Re6 32. Rab2 Kg7 33. Ke2
Rd8 34. Nf3 f6 35. Rc2 Rd7 36. Rc5 Nc6 37. Rbc4 Rdd6 38. Ke3 h6 39. h4 f5 40.
g3 Kf6 41. a5 g5 42. hxg5+ hxg5 43. Rc1 {ilegible} f4+ 1/2-1/2

[Event "Cto Aragón Equipos Div Honor Gr I"]
[Site "Aragon"]
[Date "2014.01.25"]
[Round "1.15"]
[White "Escuer Sanchez, Nestor"]
[Black "De La Riva Fernandez, Eduardo"]
[Result "1-0"]
[WhiteElo "2047"]
[BlackElo "1965"]
[PlyCount "81"]
[EventDate "2014.??.??"]
[EventCountry "ESP"]
[WhiteTeam "L´Aurora Estadilla"]
[BlackTeam "El Olivar B"]

1. e4 e6 2. d4 d5 3. Nd2 Nf6 4. e5 Nfd7 5. Bd3 c5 6. c3 Nc6 7. Ne2 cxd4 8. cxd4
Qb6 9. Nf3 Be7 10. O-O f6 11. exf6 gxf6 12. Nf4 Nf8 13. a3 Bd7 14. b4 O-O-O 15.
Be3 Kb8 16. Ne2 Be8 17. Nc3 e5 18. Na4 Qc7 19. Be2 e4 20. Ne1 Bd6 21. b5 Na5
22. Rc1 Nc4 23. Bxc4 dxc4 24. Nc3 Bxh2+ 25. Kh1 f5 26. g3 Ne6 27. Ng2 Bxg3 28.
fxg3 Qxg3 29. Bg1 Qh3+ 30. Bh2+ Ka8 31. Ne2 Bh5 32. Ng1 Qxh2+ 33. Kxh2 Bxd1 34.
Rfxd1 f4 35. Rxc4 f3 36. Ne3 Rhg8 37. d5 Nf4 38. Rxe4 Ng2 39. Nxf3 Nxe3 40.
Rxe3 Rd6 41. Re6 1-0

[Event "Cto Aragón Equipos Div Honor Gr I"]
[Site "Aragon"]
[Date "2014.01.25"]
[Round "1.16"]
[White "Hernandez Delgado, Gabriel"]
[Black "Pellicer Cerezuela, Miguel"]
[Result "0-1"]
[WhiteElo "1931"]
[BlackElo "1927"]
[PlyCount "114"]
[EventDate "2014.??.??"]
[EventCountry "ESP"]
[WhiteTeam "El Olivar"]
[BlackTeam "L´Aurora Estadilla"]

1. d4 Nf6 2. Nf3 e6 3. e3 c5 4. Bd3 b6 5. O-O Bb7 6. Nbd2 Be7 7. Re1 O-O 8. c3
d6 9. e4 cxd4 10. cxd4 Nbd7 11. e5 dxe5 12. dxe5 Nd5 13. Ne4 Nc5 14. Nxc5 Bxc5
15. Bg5 Qe8 16. a3 h6 17. Bd2 a5 18. Qe2 f5 19. exf6 Nxf6 20. b4 axb4 21. Bxb4
Bxb4 22. axb4 Rxa1 23. Rxa1 Bd5 24. Ne5 Qc8 25. Qb2 Qb7 26. Ba6 Qb8 27. b5 Qd6
28. f3 Nd7 29. Nxd7 Qxd7 30. Qd4 Qc7 31. Qe3 Rf4 32. Rc1 Rc4 33. Rxc4 Bxc4 34.
Kf2 Bd5 35. f4 Qc2+ 36. Qe2 Qf5 37. Qe3 Qc2+ 38. Qe2 Qc1 39. Qe3 Qh1 40. Qg3
Bc4 41. Qe3 Qf1+ 42. Kg3 Bd5 43. Qf2 Qd3+ 44. Kh4 Qg6 45. g4 Qf6+ 46. Kh3 Qg6
47. Bc8 Qd3+ 48. Qg3 Qxb5 49. f5 exf5 50. Bxf5 Qf1+ 51. Kh4 g5+ 52. Kh5 Qa1 53.
Qb8+ Kg7 54. Qxb6 Bf7+ 55. Bg6 Qc3 56. h4 gxh4 57. Bxf7 Qe5+ 0-1

[Event "Cto Aragón Equipos Div Honor Gr II"]
[Site "Aragon"]
[Date "2014.01.25"]
[Round "1.17"]
[White "Ramon Perez, Jose Luis"]
[Black "Del Rey, Diego"]
[Result "1/2-1/2"]
[WhiteElo "2238"]
[BlackElo "2373"]
[PlyCount "81"]
[EventDate "2014.??.??"]
[EventCountry "ESP"]
[WhiteTeam "Agrupacion"]
[BlackTeam "El Olivar"]

1. e4 c5 2. Nc3 Nc6 3. Bb5 Nd4 4. Bc4 Nf6 5. Nge2 a6 6. d3 b5 7. Bb3 Nxb3 8.
axb3 Bb7 9. O-O e6 10. f4 b4 11. e5 bxc3 12. exf6 Qxf6 13. bxc3 h5 14. Rf2 h4
15. h3 Qf5 16. Kf1 Be7 17. Ng1 Rh6 18. Be3 Rg6 19. Qe2 Rg3 20. Nf3 d6 21. b4
Qh5 22. Bd2 Rc8 23. c4 cxb4 24. Bxb4 Bxf3 25. Rxf3 Rxf3+ 26. Qxf3 Qxf3+ 27.
gxf3 Ra8 28. Ke2 Kd7 29. d4 Kc6 30. Kd3 Bd8 31. f5 a5 32. Ba3 Rb8 33. fxe6 fxe6
34. Re1 Kd7 35. f4 Bf6 36. Rf1 a4 37. Ra1 Kc6 38. Bc1 Ra8 39. Be3 a3 40. Ra2 g6
41. c3 1/2-1/2

[Event "Cto Aragón Equipos Div Honor Gr II"]
[Site "Aragon"]
[Date "2014.01.25"]
[Round "1.18"]
[White "Palacios Latasa, Elias"]
[Black "Mimbela Lopez, Miguel A"]
[Result "1-0"]
[WhiteElo "2232"]
[BlackElo "2173"]
[PlyCount "86"]
[EventDate "2014.??.??"]
[EventCountry "ESP"]
[WhiteTeam "El Olivar"]
[BlackTeam "Agrupacion"]

1. e4 e5 2. Nf3 Nc6 3. Bc4 Bc5 4. d3 d6 5. Nc3 Nf6 6. Bg5 h6 7. Bxf6 Qxf6 8.
Nd5 Qd8 9. c3 Ne7 10. Ne3 c6 11. d4 exd4 12. Nxd4 b5 13. Bb3 a5 14. O-O O-O 15.
Qf3 Bxd4 16. cxd4 a4 17. Bc2 Qb6 18. Rfd1 c5 19. dxc5 dxc5 20. e5 Bb7 21. Qg3
Rad8 22. Rd6 Rxd6 23. exd6 Ng6 24. h4 Qd8 25. Nf5 Qf6 26. Re1 Bc8 27. Ne7+ Nxe7
28. dxe7 Re8 29. Qc7 Be6 30. Qxc5 Qxe7 31. Qxb5 Rc8 32. Qxa4 Qb7 33. Bb3 Bd7
34. Qf4 Bc6 35. f3 Bd5 36. Bxd5 Qxd5 37. a4 Rc4 38. Re4 Rc2 39. Rd4 Qe6 40. Qe4
Qxe4 41. Rxe4 Rxb2 42. Kh2 Kh7 43. Kg3 Kg6 1-0

[Event "Cto Aragón Equipos Div Honor Gr II"]
[Site "Aragon"]
[Date "2014.01.25"]
[Round "1.19"]
[White "Martinez Asensio, Juan Miguel"]
[Black "Hernando Garcia, Antonio"]
[Result "1/2-1/2"]
[WhiteElo "2095"]
[BlackElo "2185"]
[PlyCount "101"]
[EventDate "2014.??.??"]
[EventCountry "ESP"]
[WhiteTeam "Agrupacion"]
[BlackTeam "El Olivar"]

1. c4 c6 2. g3 d5 3. Bg2 Nf6 4. Nf3 Bf5 5. cxd5 cxd5 6. Qb3 Qb6 7. Qxb6 axb6 8.
Nc3 h6 9. Nd4 Bh7 10. Nxd5 Nxd5 11. Bxd5 Ra7 12. O-O e6 13. Bg2 Kd7 14. d3 Nc6
15. Be3 Bc5 16. Nxc6 bxc6 17. Bxc5 bxc5 18. Rfc1 Rb8 19. b3 Kd6 20. Bf3 e5 21.
Kg2 f6 22. Rc3 Bg8 23. Rac1 Rxa2 24. Rxc5 Bd5 25. Bxd5 cxd5 26. Rc6+ Ke7 27.
Rc7+ Kf8 28. Rd7 Rxe2 29. Rcc7 Rb2 30. Rf7+ Kg8 31. Rxg7+ Kh8 32. Kf3 f5 33.
Rh7+ Kg8 34. Rcg7+ Kf8 35. Rf7+ Kg8 36. Rb7 e4+ 37. Ke3 Rxb3 38. Rhg7+ Kh8 39.
Rxb8+ Rxb8 40. Rd7 Rb5 41. dxe4 dxe4 42. Kf4 Kg8 43. h4 Ra5 44. h5 Rb5 45. Rd6
Kg7 46. Rg6+ Kh7 47. Rf6 Rb2 48. Ke3 Rb3+ 49. Ke2 Rb2+ 50. Ke3 Rb3+ 51. Ke2
1/2-1/2

[Event "Cto Aragón Equipos Div Honor Gr II"]
[Site "Aragon"]
[Date "2014.01.25"]
[Round "1.20"]
[White "Melendez Fierro, Juan Bautista"]
[Black "Carretero Cacho, Juan Jose"]
[Result "0-1"]
[WhiteElo "2157"]
[BlackElo "2066"]
[PlyCount "61"]
[EventDate "2014.??.??"]
[EventCountry "ESP"]
[WhiteTeam "El Olivar"]
[BlackTeam "Agrupacion"]

1. e4 c5 2. Nc3 Nc6 3. g3 g6 4. Bg2 Bg7 5. f4 d6 6. Nf3 e6 7. O-O Nge7 8. d3
Rb8 9. a4 O-O 10. Be3 Nd4 11. Bf2 Nec6 12. Ne1 Qb6 13. Qb1 Bd7 14. Nf3 Nxf3+
15. Bxf3 Nd4 16. Bg2 a6 17. Re1 Qc7 18. Nd1 h5 19. Ne3 b5 20. axb5 Rxb5 21. e5
dxe5 22. fxe5 Bxe5 23. Nc4 Bg7 24. Rxa6 Bc6 25. Bxc6 Nxc6 26. Qd1 Nd4 27. Rd6
Nf5 28. Ra6 Qb8 29. Ra2 Nd4 30. Re3 Bh6 31. Nd6 0-1

[Event "Cto Aragón Equipos Div Honor Gr II"]
[Site "Aragon"]
[Date "2014.01.25"]
[Round "1.21"]
[White "Salamero Pelay, Fernando"]
[Black "Llanes Luno, Ricardo"]
[Result "1-0"]
[WhiteElo "2149"]
[BlackElo "2193"]
[PlyCount "41"]
[EventDate "2014.??.??"]
[EventCountry "ESP"]
[WhiteTeam "Club atletismo Huesca"]
[BlackTeam "Delicias"]

1. e4 e5 2. Nf3 Nc6 3. Bb5 a6 4. Ba4 Nf6 5. Qe2 b5 6. Bb3 Be7 7. O-O O-O 8. c3
Bb7 9. d3 d5 10. Rd1 Re8 11. Nbd2 Na5 12. Bc2 c5 13. Nf1 Qb6 14. Ng3 Bf8 15. a3
Rad8 16. b4 dxe4 17. Ng5 exd3 18. Rxd3 Rxd3 19. Bxd3 Nb3 20. Qc2 Nxa1 21. Bxh7+
1-0

[Event "Cto Aragón Equipos Div Honor Gr II"]
[Site "Aragon"]
[Date "2014.01.25"]
[Round "1.22"]
[White "Roche Simon, Manuel Angel"]
[Black "Gella Lopez, Angel"]
[Result "1/2-1/2"]
[WhiteElo "2142"]
[BlackElo "2084"]
[PlyCount "82"]
[EventDate "2014.??.??"]
[EventCountry "ESP"]
[WhiteTeam "Delicias"]
[BlackTeam "Club atletismo Huesca"]

1. e4 c5 2. Nf3 e6 3. d4 cxd4 4. Nxd4 Nc6 5. Nc3 Qc7 6. Be2 a6 7. O-O Nf6 8.
Kh1 Nxd4 9. Qxd4 Bc5 10. Qd3 b5 11. f4 Bb7 12. Bf3 h5 13. e5 Ng4 14. Bxb7 Qxb7
15. Ne4 Be7 16. Bd2 Rc8 17. a3 Qd5 18. Rac1 Qxd3 19. cxd3 O-O 20. h3 Nh6 21.
Kh2 h4 22. Be3 Nf5 23. Bf2 d5 24. exd6 Nxd6 25. Bxh4 Bxh4 26. Nxd6 Rcd8 27. Rc6
Be7 28. Ne4 Rxd3 29. Rxa6 Rc8 30. Rf2 Rc4 31. Ra8+ Kh7 32. Ng5+ Kg6 33. Nf3 f6
34. Ra6 Bd6 35. g3 Bc5 36. Nh4+ Kh7 37. Re2 b4 38. axb4 Rxb4 39. Raxe6 Rbb3 40.
Rg2 Bd4 41. Ree2 Rd1 1/2-1/2

[Event "Cto Aragón Equipos Div Honor Gr II"]
[Site "Aragon"]
[Date "2014.01.25"]
[Round "1.23"]
[White "Laplaza Ara, Carlos"]
[Black "Llanes Luno, Pedro Alfredo"]
[Result "0-1"]
[WhiteElo "1988"]
[BlackElo "2127"]
[PlyCount "78"]
[EventDate "2014.??.??"]
[EventCountry "ESP"]
[WhiteTeam "Club atletismo Huesca"]
[BlackTeam "Delicias"]

1. d4 Nf6 2. Nf3 g6 3. c4 Bg7 4. Nc3 O-O 5. e4 d6 6. Be2 e5 7. dxe5 dxe5 8. Bg5
Qe8 9. O-O c6 10. Qc2 Na6 11. Rad1 Nc5 12. Be3 Nfd7 13. b4 Ne6 14. c5 a5 15. a3
Nf4 16. Bc4 axb4 17. axb4 Nf6 18. Ra1 Rxa1 19. Rxa1 Bg4 20. Nd2 N6h5 21. f3 Bc8
22. Bf1 Qe7 23. Nc4 Be6 24. Nd6 Bh6 25. Qf2 Rd8 26. g3 Nh3+ 27. Bxh3 Bxe3 28.
Qxe3 Bxh3 29. Ra7 Bc8 30. Na4 Rxd6 31. cxd6 Qxd6 32. Ra8 Qd1+ 33. Kg2 Kg7 34.
Nc5 Qc2+ 35. Kh1 Qd1+ 36. Kg2 Qc2+ 37. Kh1 Bh3 38. Qg1 b6 39. Nd7 Bxd7 0-1

[Event "Cto Aragón Equipos Div Honor Gr II"]
[Site "Aragon"]
[Date "2014.01.25"]
[Round "1.24"]
[White "Naya Sancho, Jose Ignacio"]
[Black "Gomez Zazurca, Rodolfo"]
[Result "1-0"]
[WhiteElo "2102"]
[BlackElo "1762"]
[PlyCount "73"]
[EventDate "2014.??.??"]
[EventCountry "ESP"]
[WhiteTeam "Delicias"]
[BlackTeam "Club atletismo Huesca"]

1. d4 d5 2. c4 c6 3. Nc3 Nf6 4. Nf3 e6 5. cxd5 exd5 6. Qc2 Bg4 7. Bg5 Bxf3 8.
gxf3 Nbd7 9. O-O-O Be7 10. Rg1 O-O 11. Bh6 Ne8 12. e4 Kh8 13. Be3 b5 14. e5 b4
15. Na4 c5 16. Nxc5 Bxc5 17. dxc5 Nxe5 18. Qf5 Qf6 19. Rg5 Nxf3 20. Qxf6 Nxf6
21. Rf5 Nh4 22. Rf4 Ng6 23. Rxb4 Rab8 24. Ra4 Rb7 25. b4 Rfb8 26. b5 Ne4 27.
Kb2 Ne7 28. Rc1 Nc6 29. Ka1 Rxb5 30. Bxb5 Rxb5 31. Ra6 Nd8 32. Rxa7 Rb8 33. c6
Ne6 34. c7 Rc8 35. Ra8 Nd6 36. Rxc8+ Nxc8 37. Rb1 1-0